[Event "Open Master"]
[Site "Montpellier"]
[Date "1999.??.??"]
[Round "7"]
[White "Marcelin, Cyril"]
[Black "Bauer, Christian"]
[Result "1/2-1/2"]
[WhiteElo "2395"]
[BlackElo "2480"]
[PlyCount "126"]
[EventDate "1999.07.??"]

1. d4 d6 2. e4 Nf6 3. Nc3 Nbd7 4. g3 e5 5. Nge2 c6 6. Bg2 b5 7. d5 Bb7 8. dxc6
Bxc6 9. O-O Be7 10. Nd5 O-O 11. Nec3 a5 12. a3 Nb6 13. Nxf6+ Bxf6 14. Qd3 Qd7
15. Rd1 b4 16. Nd5 Bxd5 17. exd5 Na4 18. Be4 g6 19. b3 Nc3 20. Re1 Bg7 21. axb4
axb4 22. Rxa8 Rxa8 23. Qc4 Qb7 24. Qc6 Qxc6 25. dxc6 f5 26. Bg2 Rc8 27. Bd2 e4
28. Bxc3 Bxc3 29. Rd1 Rxc6 30. Bf1 Kf7 31. Bc4+ Ke7 32. Rd5 Rc7 33. Ra5 Bd4 34.
Kg2 Kf6 35. h4 Bc5 36. f4 exf3+ 37. Kxf3 Re7 38. Ra1 Re3+ 39. Kg2 h6 40. Rf1 g5
41. hxg5+ hxg5 42. Bd3 Re5 43. Rf3 d5 44. Rf1 g4 45. Rf4 Kg5 46. Rf1 Be3 47.
Kh2 Bd2 48. Rf2 Bc1 49. Kg2 f4 50. gxf4+ Bxf4 51. Re2 Be3 52. Re1 d4 53. Ra1
Bf4 54. Ra4 Re1 55. Rxb4 Be3 56. Rb7 Rg1+ 57. Kh2 g3+ 58. Kh3 Bf2 59. Rf7 Rh1+
60. Kg2 Rh2+ 61. Kf3 Be1 62. Rh7 Rf2+ 63. Kxg3 Rxc2+ 1/2-1/2

[Event "Open Master"]
[Site "Montpellier"]
[Date "1999.??.??"]
[Round "7"]
[White "Rausis, Igors"]
[Black "Bergez, Luc"]
[Result "1/2-1/2"]
[WhiteElo "2496"]
[BlackElo "2373"]
[PlyCount "54"]
[EventDate "1999.07.??"]

1. e4 c5 2. Nf3 d6 3. d4 cxd4 4. Nxd4 Nf6 5. Nc3 g6 6. Be3 Bg7 7. f3 Nc6 8. Qd2
O-O 9. Bc4 Bd7 10. Bb3 Qa5 11. O-O-O Rfc8 12. h4 Ne5 13. Kb1 Nc4 14. Bxc4 Rxc4
15. Nb3 Qa6 16. Bh6 Bh8 17. h5 Rac8 18. hxg6 fxg6 19. Bg5 Be6 20. g4 Rxc3 21.
bxc3 Qb5 22. Qe3 {
} 22... Rxc3 23. Qxc3 Nxe4 24. Qa5 Nc3+ 25. Kc1 Ne2+ 26.
Kb1 Nc3+ 27. Kc1 Ne2+ 1/2-1/2

[Event "Open Master"]
[Site "Montpellier"]
[Date "1999.??.??"]
[Round "7"]
[White "Relange, Eloi"]
[Black "Bertrand, Frederic"]
[Result "1-0"]
[WhiteElo "2452"]
[BlackElo "2272"]
[PlyCount "59"]
[EventDate "1999.07.??"]

1. d4 d5 2. c4 c6 3. Nf3 Nf6 4. Nc3 e6 5. Bg5 Be7 6. e3 Nbd7 7. Qc2 O-O 8. Rd1
dxc4 9. Bxc4 Nd5 10. Bxe7 Qxe7 11. O-O Nxc3 12. bxc3 c5 13. a4 b6 14. d5 exd5
15. Bxd5 Rb8 16. c4 Ne5 17. Nxe5 Qxe5 18. e4 Qe7 19. f4 Bb7 20. f5 Bxd5 21.
exd5 Qf6 22. d6 Rfd8 23. d7 Qc6 24. Qd3 Rb7 25. Rfe1 Kf8 26. f6 g5 27. Qxh7
27... Qxf6 {

} 28. Re8+ Rxe8 29. dxe8=Q+ Kxe8 30. Qg8+ 1-0

[Event "Open Master"]
[Site "Montpellier"]
[Date "1999.??.??"]
[Round "7"]
[White "Sarthou, Gaetan"]
[Black "Rainfray, Arnaud"]
[Result "1/2-1/2"]
[WhiteElo "2290"]
[BlackElo "2422"]
[PlyCount "133"]
[EventDate "1999.07.??"]

1. e4 c5 2. Nf3 Nc6 3. Bb5 g6 4. O-O Bg7 5. c3 e5 6. d4 cxd4 7. cxd4 exd4 8.
Bf4 Nge7 9. Bd6 O-O 10. Nbd2 h6 11. Bc4 b6 12. b4 Bb7 13. Qb3 a5 14. b5 Na7 15.
Rac1 Nac8 16. Bc7 Qe8 17. e5 a4 18. Qd3 Nd5 19. Bxd5 Bxd5 20. Qxd4 Qe6 21. Ne4
Bxe4 22. Qxe4 Ra5 23. Rc2 Rxb5 24. Nd4 Qd5 25. Qe2 Rc5 26. Nf3 Qc6 27. Rxc5
Qxc5 28. Bb8 Re8 29. Qd2 Ne7 30. Bd6 Qd5 31. Qb4 Nc8 32. Qxa4 Nxd6 33. exd6
Qxd6 34. Rd1 Qc6 35. Qg4 d5 36. h4 Re4 37. Qg3 Kh7 38. h5 g5 39. Ne1 Qe6 40.
Qd3 Kg8 41. Nc2 Rc4 42. Re1 Qd7 43. Ne3 Re4 44. Rb1 Qe6 45. Rb5 d4 46. Nf1 Re1
47. Rb3 Be5 48. Rb1 Rxb1 49. Qxb1 Bd6 50. Qd3 Bc5 51. a4 Qe1 52. g4 Qc3 53. Qe4
d3 54. Qe8+ Bf8 55. Qd7 Qc4 56. Ne3 Qc1+ 57. Kg2 d2 58. Qd4 Qc6+ 59. Kf1 Qh1+
60. Ke2 Qe1+ 61. Kf3 Qh1+ 62. Kg3 Qe1 63. Qd8 Qg1+ 64. Kf3 Qc1 65. Ke2 Qe1+ 66.
Kf3 Qa1 67. Qd7 1/2-1/2

[Event "Open Master"]
[Site "Montpellier"]
[Date "1999.??.??"]
[Round "7"]
[White "Solakian, Jerome"]
[Black "Lupu, Mircea-Sergiu"]
[Result "0-1"]
[WhiteElo "2242"]
[BlackElo "2489"]
[PlyCount "76"]
[EventDate "1999.07.??"]

1. e4 c5 2. Nf3 e6 3. d4 cxd4 4. Nxd4 a6 5. Nc3 b5 6. Bd3 Qb6 7. Nb3 Qc7 8. O-O
b4 9. Ne2 Bb7 10. Ned4 Nf6 11. Qe2 Be7 12. Bg5 h6 13. Bh4 d6 14. Rac1 O-O 15.
c3 bxc3 16. Rxc3 Qd8 17. Rfc1 Nbd7 18. Bg3 Nc5 19. Nxc5 dxc5 20. Nb3 Nd7 21. f3
Qb6 22. Bf2 Rfc8 23. Qc2 Bg5 24. Re1 Bf6 25. Rc4 a5 26. Nxc5 Nxc5 27. Rxc5 Rxc5
28. Qxc5 Qxb2 29. Rb1 Qd2 30. Bf1 Rc8 31. Qa7 Bc6 32. Rb8 Rxb8 33. Qxb8+ Kh7
34. e5 Bg5 35. Qa7 Bf4 36. Qxf7 $4 36... Be3 37. Bxe3 Qxe3+ 38. Kh1 Qe1 0-1

[Event "Open Master"]
[Site "Montpellier"]
[Date "1999.??.??"]
[Round "7"]
[White "Taleb, Moussa"]
[Black "Rotstein, Arkadij"]
[Result "0-1"]
[WhiteElo "2324"]
[BlackElo "2460"]
[PlyCount "59"]
[EventDate "1999.07.??"]

1. d4 Nf6 2. Nf3 c5 3. e3 b6 4. Be2 Bb7 5. O-O e6 6. c4 Be7 7. Nc3 cxd4 8. exd4
O-O 9. d5 exd5 10. Nxd5 d6 11. Nd4 Nxd5 12. cxd5 Bxd5 13. Nf5 Bb7 14. Bd3 g6
15. Bh6 gxf5 16. Bxf5 Kh8 17. Bxf8 Qxf8 18. Re1 Nc6 19. Be4 f5 20. Bd5 Bf6 21.
Rc1 Rc8 22. b3 Be5 23. Qh5 Ba8 24. Kh1 f4 25. Be4 Qe7 26. Rc2 Bd4 27. Rce2 Ne5
28. Bxa8 Rxa8 29. Rc2 Rg8 30. f3 {Suite illisible} 0-1

[Event "Open Master"]
[Site "Montpellier"]
[Date "1999.??.??"]
[Round "8"]
[White "Bauer, Christian"]
[Black "Derieux, Christian"]
[Result "1-0"]
[WhiteElo "2480"]
[BlackElo "2285"]
[PlyCount "71"]
[EventDate "1999.07.??"]

1. e4 c5 2. Nf3 d6 3. d4 cxd4 4. Nxd4 Nf6 5. Nc3 g6 6. Be2 Bg7 7. O-O O-O 8.
Nb3 Nc6 9. Re1 a6 10. Bf1 b5 11. Bg5 h6 12. Bh4 e6 13. a3 Bb7 14. Re2 Qc7 15.
f4 Rac8 16. Kh1 Na5 17. Nxa5 Qxa5 18. Be1 Qc7 19. Rc1 Rfd8 20. Bh4 Rd7 21. f5
d5 22. fxe6 fxe6 23. exd5 exd5 24. Re6 24... Kf7 {} 25. Bxf6 Bxf6 26. Qg4 h5
27. Qh3 Re7 28. Rxe7+ Qxe7 29. Nxd5 Qd6 30. Nxf6 Kxf6 31. Bd3 Re8 32. Rf1+ Kg7
33. Qh4 Qc6 34. Qf2 h4 35. h3 Qd5 36. Qf6+ 1-0

[Event "Open Master"]
[Site "Montpellier"]
[Date "1999.??.??"]
[Round "8"]
[White "Bergez, Luc"]
[Black "Hamdouchi, Hichem"]
[Result "1/2-1/2"]
[WhiteElo "2373"]
[BlackElo "2520"]
[PlyCount "73"]
[EventDate "1999.07.??"]

1. e4 c5 2. Nf3 e6 3. b3 a6 4. Bb2 d6 5. g3 b5 6. a4 bxa4 7. Rxa4 Nd7 8. d3 Nb6
9. Ra1 d5 10. exd5 exd5 11. Nbd2 Nf6 12. Bg2 Be7 13. O-O O-O 14. Re1 Re8 15. h3
Bb7 16. Nh4 Nbd7 17. Nf5 Bf8 18. Qf3 g6 19. Ne3 Ne5 20. Bxe5 Rxe5 21. Ndc4 dxc4
22. Qxb7 Rb8 23. Qxa6 cxb3 24. cxb3 Rxb3 25. Red1 Re6 26. Qc4 Rb4 27. Ra8 Qd6
28. Qc3 h5 29. Nc2 Rb8 30. Rxb8 Qxb8 31. d4 cxd4 32. Nxd4 Rd6 33. Ra1 Qb6 34.
Nc2 Bg7 35. Qb4 Qc7 36. Ne3 Kh7 37. Ra7 1/2-1/2

[Event "Open Master"]
[Site "Montpellier"]
[Date "1999.??.??"]
[Round "8"]
[White "Lupu, Mircea-Sergiu"]
[Black "Handke, Florian"]
[Result "1/2-1/2"]
[WhiteElo "2489"]
[BlackElo "2361"]
[PlyCount "36"]
[EventDate "1999.07.??"]

1. e4 c5 2. d3 Nc6 3. g3 g6 4. Bg2 Bg7 5. f4 d6 6. Nh3 Nh6 7. Nf2 f5 8. O-O O-O
9. Nd2 Kh8 10. c3 Be6 11. Nf3 Bg8 12. Be3 Rb8 13. Qd2 b5 14. e5 b4 15. d4 bxc3
16. Qxc3 Ng4 17. dxc5 dxe5 18. Nxe5 Ncxe5 1/2-1/2

[Event "Open Master"]
[Site "Montpellier"]
[Date "1999.??.??"]
[Round "8"]
[White "Marcelin, Cyril"]
[Black "Solakian, Jerome"]
[Result "1/2-1/2"]
[WhiteElo "2395"]
[BlackElo "2242"]
[PlyCount "37"]
[EventDate "1999.07.??"]

1. d4 e6 2. Nf3 d5 3. c4 c6 4. Qc2 Nf6 5. g3 Nbd7 6. Bg2 Bd6 7. O-O O-O 8. Rd1
Qe7 9. Nbd2 Re8 10. e4 dxe4 11. Nxe4 Nxe4 12. Qxe4 e5 13. dxe5 Nxe5 14. Nxe5
Bxe5 15. Be3 Bf6 16. Qxe7 Bxe7 17. Rd2 Be6 18. b3 Bb4 19. Rdd1 1/2-1/2

[Event "Open Master"]
[Site "Montpellier"]
[Date "1999.??.??"]
[Round "8"]
[White "Magerramov, Elmar"]
[Black "Flear, Glenn"]
[Result "1-0"]
[WhiteElo "2567"]
[BlackElo "2555"]
[PlyCount "73"]
[EventDate "1999.07.??"]

1. d4 d5 2. Nf3 Nf6 3. c4 dxc4 4. e3 e6 5. Bxc4 c5 6. O-O a6 7. a4 Nc6 8. Qe2
Qc7 9. Rd1 Bd6 10. dxc5 Bxc5 11. b3 O-O 12. Bb2 e5 13. h3 e4 14. Nfd2 Ne5 15.
Nc3 Nxc4 16. bxc4 Re8 17. Nd5 Nxd5 18. cxd5 Bd7 19. Rdc1 Rac8 20. Rc4 Bf5 21.
Nb3 21... Qd6 {
} 22. Rxc5 Rxc5 23. Ba3 b6 24. Bxc5 bxc5 25. Qc4 Rd8 26. Rd1
Be6 27. Nxc5 Bxd5 28. Qd4 Qg6 29. Nb7 Rd7 30. Qe5 f6 31. Qb8+ Kf7 32. Nc5 Qh5
33. Rd4 Re7 34. Qc8 a5 35. Nd7 Kg6 36. Qd8 Rf7 37. Rxd5 1-0

[Event "Open Master"]
[Site "Montpellier"]
[Date "1999.??.??"]
[Round "8"]
[White "Rainfray, Arnaud"]
[Black "Lezcano, Pedro"]
[Result "1-0"]
[WhiteElo "2422"]
[BlackElo "2399"]
[PlyCount "100"]
[EventDate "1999.07.??"]

1. e4 Nf6 2. e5 Nd5 3. d4 d6 4. c4 Nb6 5. exd6 cxd6 6. Nc3 g6 7. h3 Bg7 8. Nf3
O-O 9. Be2 Nc6 10. O-O Bf5 11. Bg5 h6 12. Be3 d5 13. c5 Nc4 14. Bc1 b6 15. b3
N4a5 16. cxb6 axb6 17. Be3 Nb7 18. Qd2 Kh7 19. Rac1 Nd6 20. Rfd1 Be6 21. Bf4 g5
22. Bh2 Bf5 23. Bd3 Kg8 24. Bxd6 Bxd3 25. Bxe7 Nxe7 26. Qxd3 Qd6 27. Nb5 Qf4
28. a4 Nf5 29. Qd2 Qb8 30. Re1 Rc8 31. Rxc8+ Qxc8 32. Rc1 Qd8 33. Qc2 Nd6 34.
Nxd6 Qxd6 35. Qc6 Rd8 36. Qxd6 Rxd6 37. g4 f5 38. Rc8+ Kf7 39. gxf5 Kf6 40. Rc7
Bf8 41. Ne5 Kxf5 42. Rf7+ Ke4 43. Rxf8 Kxd4 44. Ng4 Kc3 45. Rf3+ Kd2 46. Rf6
Rxf6 47. Nxf6 d4 48. b4 Kc3 49. a5 bxa5 50. bxa5 d3 1-0

[Event "Open Master"]
[Site "Montpellier"]
[Date "1999.??.??"]
[Round "8"]
[White "Rotstein, Arkadij"]
[Black "Fontaine, Robert"]
[Result "1/2-1/2"]
[WhiteElo "2460"]
[BlackElo "2408"]
[PlyCount "51"]
[EventDate "1999.07.??"]

1. c4 e5 2. g3 c6 3. d4 Bb4+ 4. Bd2 Bxd2+ 5. Qxd2 d6 6. Nc3 Nf6 7. Bg2 O-O 8.
e4 Nbd7 9. Nge2 a6 10. O-O b5 11. cxb5 axb5 12. a3 Bb7 13. Rfd1 Qb6 14. b4 Rfe8
15. d5 cxd5 16. exd5 Rac8 17. Qd3 Rc4 18. Rac1 Rec8 19. Qd2 Qa6 20. Bf1 Nb6 21.
Bh3 Rd8 22. Bg2 Rdc8 23. Bh3 Rd8 24. Bg2 Rdc8 25. Bh3 Rd8 26. Bg2 1/2-1/2

[Event "Open Master"]
[Site "Montpellier"]
[Date "1999.??.??"]
[Round "8"]
[White "Sarthou, Gaetan"]
[Black "Relange, Eloi"]
[Result "0-1"]
[WhiteElo "2290"]
[BlackElo "2452"]
[PlyCount "70"]
[EventDate "1999.07.??"]

1. e4 c5 2. Nf3 d6 3. Bb5+ Bd7 4. Bxd7+ Qxd7 5. O-O Nf6 6. Qe2 Nc6 7. c3 e6 8.
d4 cxd4 9. cxd4 d5 10. e5 Ne4 11. Rd1 Be7 12. Ne1 f6 13. f3 Ng5 14. Nc3 Rd8 15.
Nd3 Nxd4 16. Qf2 {} 16... Ndxf3+ 17. Kh1 Nxe5 18. Nxe5 fxe5 19. Qg3 h6 20. h4
Bc5 21. Qxe5 Qe7 22. g3 Bd6 23. Qe2 Nf7 24. Kg2 O-O 25. Be3 b6 26. Bd4 Qd7 27.
Qh5 e5 28. Be3 d4 29. Ne4 dxe3 30. Qg6 Qe7 31. Rf1 Nh8 32. Rxf8+ Qxf8 33. Qg4
e2 34. Qxe2 Qf7 35. Qg4 Qg6 0-1

[Event "Open Master"]
[Site "Montpellier"]
[Date "1999.??.??"]
[Round "8"]
[White "Santo-Roman, Marc"]
[Black "Degraeve, Jean-Marc"]
[Result "1-0"]
[WhiteElo "2400"]
[BlackElo "2542"]
[PlyCount "125"]
[EventDate "1999.07.??"]

1. e4 c5 2. Nf3 Nc6 3. d4 cxd4 4. Nxd4 e5 5. Nb5 d6 6. c4 Be7 7. N1c3 a6 8. Na3
f5 9. exf5 Bxf5 10. Bd3 Be6 11. Nc2 Nf6 12. Bg5 O-O 13. O-O Ng4 14. Bxe7 Qxe7
15. h3 Nh6 16. Qe2 Rf7 17. Nd5 Bxd5 18. cxd5 Nb8 19. Rac1 Nd7 20. Ne3 Nc5 21.
Bb1 a5 22. Qh5 Qf8 23. Rc4 g6 24. Qg5 Rf4 25. Rfc1 Rxc4 (25... Rxf2 26. Bxg6
hxg6 27. Qxg6+ Kh8 28. Ng4 $16) 26. Rxc4 b5 27. Rh4 Nf7 28. Qg3 Qg7 29. b4 axb4
30. Rxb4 Rb8 31. Qg4 Nh6 32. Qe2 Qd7 33. Bd3 Nf5 34. Nxf5 gxf5 35. Bxb5 Qg7 36.
a4 e4 37. Qd2 Ra8 38. Qf4 Qg6 39. Kh2 Rb8 40. Rd4 Kh8 41. Rd1 Rg8 42. Rg1 42...
Ra8 {} 43. g4 Rf8 44. Rg3 Ra8 45. gxf5 Qf6 46. Qg5 Qxg5 47. Rxg5 Nxa4 48. Bxa4
Rxa4 49. f6 Ra8 50. f7 Rf8 51. Rg8+ Rxg8 52. fxg8=Q+ Kxg8 53. Kg3 Kf7 54. Kf4
Kg6 55. Kxe4 Kg5 56. f3 h6 57. f4+ Kf6 58. Ke3 Kg6 59. Kf2 Kf5 60. Kf3 h5 61.
Ke3 Kg6 62. Kf2 Kf5 63. Kf3 1-0

[Event "Open Master"]
[Site "Montpellier"]
[Date "1999.??.??"]
[Round "8"]
[White "Sorin, Maxime"]
[Black "Brochet, Philippe"]
[Result "1-0"]
[WhiteElo "2249"]
[BlackElo "2349"]
[PlyCount "75"]
[EventDate "1999.07.??"]

1. e4 c5 2. Nf3 Nc6 3. Bb5 e5 4. O-O Nge7 5. c3 a6 6. Bxc6 Nxc6 7. d4 d6 8. h3
Qf6 9. dxe5 dxe5 10. Qe2 Be7 11. Na3 b5 12. Kh1 O-O 13. Rd1 Be6 14. Bg5 Qg6 15.
Bxe7 Nxe7 16. Nxe5 Qg5 17. Nf3 Qh6 18. Qd2 Qh5 19. Qg5 Qxg5 20. Nxg5 b4 21. Nc2
b3 22. Ne3 bxa2 23. Nxe6 fxe6 24. Kg1 a5 25. Rxa2 Ra6 26. Nc4 Rfa8 27. Ra4 Kf8
28. Kf1 Nc6 29. Rd7 R8a7 30. Rxa7 Rxa7 31. Ke2 Ke7 32. Ra3 Rb7 33. Kd3 Rb5 34.
Kc2 Kf6 35. Rb3 Na7 36. Rxb5 Nxb5 37. Kb3 Kg5 38. g3 1-0

[Event "Open Master"]
[Site "Montpellier"]
[Date "1999.??.??"]
[Round "8"]
[White "Touzane, Olivier"]
[Black "Rausis, Igors"]
[Result "0-1"]
[WhiteElo "2348"]
[BlackElo "2496"]
[PlyCount "54"]
[EventDate "1999.07.??"]

1. d4 d5 2. c4 dxc4 3. Nf3 c6 4. e3 Be6 5. Nc3 b5 6. a4 b4 7. Na2 a5 8. Ng5 Bf5
9. Bxc4 e6 10. e4 Bg6 11. f4 Be7 12. f5 Bxg5 13. fxg6 hxg6 14. O-O Bxc1 15.
Rxc1 Nf6 16. d5 Qb6+ 17. Kh1 Nxe4 18. Qf3 Qc7 19. h3 Ng3+ 20. Kg1 Nxf1 21. dxe6
Nd2 22. exf7+ Kf8 23. Qe2 Nd7 24. Qxd2 Ne5 25. Qf4 g5 26. Qxg5 Rxh3 27. Be2
Qb6+ 0-1

[Event "Open Master"]
[Site "Montpellier"]
[Date "1999.??.??"]
[Round "9"]
[White "Abolianin, Arthur"]
[Black "Rotstein, Arkadij"]
[Result "0-1"]
[WhiteElo "2252"]
[BlackElo "2460"]
[PlyCount "83"]
[EventDate "1999.07.??"]

1. d4 Nf6 2. Nf3 c5 3. e3 b6 4. Be2 Bb7 5. O-O e6 6. b3 Be7 7. Bb2 O-O 8. c4
cxd4 9. Nxd4 a6 10. Nc3 Qc7 11. Bf3 d6 12. Qe2 Nbd7 13. Bxb7 Qxb7 14. Rfd1 Ne5
15. Rd2 Rfc8 16. Rad1 Rc7 17. Rc2 Rac8 18. Rdc1 Ne4 19. Nxe4 Qxe4 20. Ba3 Bf8
21. f3 Qb7 22. Rd1 Nd7 23. Rcd2 Nf6 24. Qd3 d5 25. Bxf8 dxc4 26. bxc4 Rxf8 27.
Nc2 Qc6 28. Qb3 Qxc4 29. Qxb6 Nd5 30. Qa5 f5 31. Na3 Qc3 32. Qxc3 Rxc3 33. Rd3
Rfc8 34. Kf2 Kf7 35. R1d2 Kf6 36. Nb1 Rc1 37. Rb2 g5 38. e4 Nf4 39. Rdb3 R8c2+
40. Kg3 Ne2+ 41. Kh3 Ng1+ 42. Kg3 0-1

[Event "Open Master"]
[Site "Montpellier"]
[Date "1999.??.??"]
[Round "9"]
[White "Degraeve, Jean-Marc"]
[Black "Bertrand, Frederic"]
[Result "1-0"]
[WhiteElo "2542"]
[BlackElo "2272"]
[PlyCount "105"]
[EventDate "1999.07.??"]

1. e4 d6 2. d4 Nf6 3. Nc3 e5 4. Nf3 exd4 5. Nxd4 Be7 6. Be2 O-O 7. O-O Nc6 8.
Nxc6 bxc6 9. f4 Bb7 10. Bf3 Nd7 11. Be3 Bf6 12. Qd2 Re8 13. Rfe1 Nb6 14. Bd4
Bxd4+ 15. Qxd4 a5 16. Rad1 Qb8 17. e5 c5 18. Qf2 Bxf3 19. Qxf3 Nc4 20. Qg3 dxe5
21. fxe5 c6 22. b3 Nxe5 23. Ne4 Ng6 24. Qxb8 Raxb8 25. Nxc5 Rxe1+ 26. Rxe1 h6
27. Re4 Rb5 28. Nd3 Rd5 29. Re8+ Kh7 30. Rc8 Rd6 31. Rc7 f6 32. Kf2 h5 33. a4
Kh6 34. g3 Kh7 35. h4 Kh6 36. Ke2 Kh7 37. c4 Rd4 38. Ra7 Rg4 39. Rxa5 Rxg3 40.
Rxh5+ Kg8 41. a5 41... Ne5 {} 42. a6 Rg2+ 43. Ke3 g6 44. Nxe5 gxh5 45. a7 Ra2
46. Nxc6 Ra6 47. b4 Kf7 48. b5 Ra3+ 49. Kd2 Ke8 50. b6 Kd7 51. b7 51... Rxa7 {
} 52. b8=N+ Kc8 53. Nxa7+ 1-0

[Event "Open Master"]
[Site "Montpellier"]
[Date "1999.??.??"]
[Round "9"]
[White "Fontaine, Robert"]
[Black "Beikert, Guenther"]
[Result "1-0"]
[WhiteElo "2369"]
[BlackElo "2440"]
[PlyCount "55"]
[EventDate "1999.07.??"]

1. e4 e5 2. Nf3 Nc6 3. Bb5 Nf6 4. O-O d6 5. Re1 Be7 6. d4 exd4 7. Nxd4 Bd7 8.
Nc3 O-O 9. Bxc6 bxc6 10. Qf3 Bg4 11. Qg3 Qd7 12. h3 c5 13. Nde2 Bxe2 14. Rxe2
Rfe8 15. b3 Nh5 16. Qf3 Bf6 17. Bb2 g6 18. g4 {} 18... Re5 19. gxh5 Rg5+ 20.
Kh1 Rxh5 21. Re3 Bd4 22. Rd3 Re8 23. Rg1 Kf8 24. Bc1 Bxc3 25. Rxc3 Rxe4 26.
Qxe4 Rxh3+ 27. Kg2 Rxc3 28. Bh6+ 1-0

[Event "Open Master"]
[Site "Montpellier"]
[Date "1999.??.??"]
[Round "9"]
[White "Handke, Florian"]
[Black "Rainfray, Arnaud"]
[Result "1/2-1/2"]
[WhiteElo "2369"]
[BlackElo "2422"]
[PlyCount "44"]
[EventDate "1999.07.??"]

1. d4 d5 2. c4 e6 3. Nc3 Bb4 4. e3 c5 5. cxd5 exd5 6. Nge2 Ne7 7. a3 Bxc3+ 8.
Nxc3 cxd4 9. Qxd4 O-O 10. Be2 Nbc6 11. Qd1 d4 12. exd4 Nxd4 13. Be3 Nef5 14.
Bxd4 Nxd4 15. O-O Be6 16. Bd3 Bb3 17. Qg4 Nc6 18. Be4 Qd6 19. Qh3 h6 20. Nb5
Qe5 21. Qxb3 Qxe4 22. Rfe1 Qf4 1/2-1/2

[Event "Open Master"]
[Site "Montpellier"]
[Date "1999.??.??"]
[Round "9"]
[White "Hamdouchi, Hichem"]
[Black "Sorin, Maxime"]
[Result "1-0"]
[WhiteElo "2520"]
[BlackElo "2249"]
[PlyCount "57"]
[EventDate "1999.07.??"]

1. e4 c5 2. Nf3 Nc6 3. d4 cxd4 4. Nxd4 Nf6 5. Nc3 d6 6. Bc4 Qb6 7. Nxc6 bxc6 8.
O-O g6 9. e5 dxe5 10. Qe2 Qd4 11. Be3 Qd6 12. Rad1 Qc7 13. Bc5 Bg7 14. f4 Bg4
15. Qxe5 Qxe5 16. fxe5 Nd5 17. Nxd5 cxd5 18. Rxd5 Be6 19. Bb5+ Kf8 20. Rd2 a6
21. Bc6 Rb8 22. Bd5 Bxd5 23. Rxd5 Ke8 24. Bd4 f5 25. exf6 Bxf6 26. Bxf6 exf6
27. Re1+ Kf8 28. Rd7 f5 29. b3 1-0

[Event "Open Master"]
[Site "Montpellier"]
[Date "1999.??.??"]
[Round "9"]
[White "Lupu, Mircea-Sergiu"]
[Black "Magerramov, Elmar"]
[Result "1/2-1/2"]
[WhiteElo "2489"]
[BlackElo "2567"]
[PlyCount "23"]
[EventDate "1999.07.??"]

1. Nf3 Nf6 2. g3 d5 3. Bg2 c6 4. O-O Bg4 5. d4 Nbd7 6. c3 e6 7. Qb3 Qb6 8. Nbd2
Be7 9. Re1 O-O 10. e4 Nxe4 11. Nxe4 dxe4 12. Rxe4 1/2-1/2

[Event "Open Master"]
[Site "Montpellier"]
[Date "1999.??.??"]
[Round "9"]
[White "Rausis, Igors"]
[Black "Santo-Roman, Marc"]
[Result "1/2-1/2"]
[WhiteElo "2496"]
[BlackElo "2400"]
[PlyCount "133"]
[EventDate "1999.07.??"]

1. d4 f5 2. g3 Nf6 3. Bg2 g6 4. Nf3 Bg7 5. O-O O-O 6. c4 d6 7. b3 Qe8 8. Bb2 e5
9. dxe5 Ng4 10. Nc3 dxe5 11. Nb5 Na6 12. Qd5+ Kh8 13. h3 c6 14. Nd6 cxd5 15.
Nxe8 Rxe8 16. hxg4 dxc4 17. gxf5 Bxf5 18. bxc4 e4 19. Bxg7+ Kxg7 20. Nd4 Nc5
21. Rfd1 Bg4 22. f3 exf3 23. exf3 Be6 24. Bf1 Re7 25. Rd2 Rae8 26. Nb5 b6 27.
Rad1 Bc8 28. Bg2 Bd7 29. Nc7 Rc8 30. Nd5 Ree8 31. Nc3 Bc6 32. Kf2 Rc7 33. f4
33... Bxg2 {} 34. Kxg2 Rce7 35. Nb5 Re2+ 36. Kh3 R2e3 37. Nd6 R8e7 38. f5 Rf3
39. fxg6 hxg6 40. Rg1 Ree3 41. Rgg2 Nd3 42. Kh2 Kh6 43. Nb5 Ne5 44. Rd4 Kg5 45.
Nd6 Rf1 46. Rb2 Nf3+ 47. Kg2 Rg1+ 48. Kf2 Nxd4 49. Kxe3 Nf5+ 50. Kf2 Rc1 51.
Nc8 Rxc4 52. Nxa7 Rc3 53. Nb5 Rxg3 54. Nd4 Ra3 55. Nxf5 gxf5 56. Rxb6 Rxa2+ 57.
Kf3 Ra3+ 58. Kf2 Kg4 59. Rb4+ f4 60. Rb2 Rf3+ 61. Kg2 Rg3+ 62. Kf2 Rh3 63. Kg2
f3+ 64. Kg1 Kg3 65. Rg2+ Kf4 66. Ra2 Rh8 67. Ra7 1/2-1/2

[Event "Open Master"]
[Site "Montpellier"]
[Date "1999.??.??"]
[Round "9"]
[White "Relange, Eloi"]
[Black "Bauer, Christian"]
[Result "1-0"]
[WhiteElo "2478"]
[BlackElo "2528"]
[PlyCount "53"]
[EventDate "1999.07.??"]

1. d4 Nf6 2. Nf3 e6 3. c4 c5 4. d5 exd5 5. cxd5 Bd6 6. Nc3 O-O 7. e4 Re8 8. Bd3
Bc7 9. O-O d6 10. h3 Nbd7 11. a3 Ba5 12. Re1 a6 13. Rb1 c4 14. Bxc4 Bxc3 15.
bxc3 Nxe4 16. Qd4 Ndc5 17. Rb2 Bd7 18. Rbe2 f5 19. Bf4 Na4 20. Re3 Rc8 21. Nd2
Naxc3 22. Nxe4 Rxe4 23. Rxe4 Nxe4 24. Bd3 Qa5 25. Re3 25... Qd2 { Gloups!!!}
26. Rxe4 Qd1+ 27. Bf1 1-0

[Event "Open Master"]
[Site "Montpellier"]
[Date "1999.??.??"]
[Round "9"]
[White "Solakian, Jerome"]
[Black "Bergez, Luc"]
[Result "0-1"]
[WhiteElo "2242"]
[BlackElo "2378"]
[PlyCount "80"]
[EventDate "1999.07.??"]

1. d4 c5 2. d5 Nf6 3. Nc3 g6 4. e4 d6 5. Nf3 Bg7 6. Be2 O-O 7. O-O Na6 8. Bf4
Qa5 9. Nd2 Bd7 10. Nc4 Qd8 11. a4 Nb4 12. Re1 Ne8 13. Bf3 f6 14. Qd2 Rf7 15. h3
Qc7 16. Nb5 Qc8 17. c3 Na6 18. Bxd6 exd6 19. Nbxd6 Nxd6 20. Nxd6 Qf8 21. Nxf7
Qxf7 22. Qf4 Qe8 23. Bg4 Rc8 24. Bxd7 24... Qxd7 {} 25. Qg4 Qxg4 26. hxg4 c4
27. a5 Nc5 28. f3 a6 29. g3 g5 30. Kg2 Bf8 31. Re2 Bd6 32. Rf1 Kg7 33. f4 gxf4
34. gxf4 Nd3 35. Kg3 Rc5 36. Rd2 Rxa5 37. Rxd3 cxd3 38. Rd1 Ra2 39. Rd2 a5 40.
Kf3 a4 0-1

[Event "Open Principal"]
[Site "Montpellier"]
[Date "1999.??.??"]
[Round "1"]
[White "Canonge, Jerome"]
[Black "Iasoni, Robert"]
[Result "0-1"]
[WhiteElo "1760"]
[BlackElo "2150"]
[PlyCount "57"]
[EventDate "1999.07.??"]

1. c4 Nf6 2. Nc3 d6 3. g3 g6 4. Bg2 Bg7 5. d3 O-O 6. e3 c6 7. Nge2 Nh5 8. Rb1
f5 9. O-O e5 10. b4 f4 11. exf4 exf4 12. gxf4 Nxf4 13. Bxf4 Bxc3 14. d4 a5 15.
Bh6 Rf5 16. Nxc3 Qh4 17. Qd2 g5 18. Be4 Rf4 19. Bxg5 Qxg5+ 20. Kh1 Qh4 21. Rg1+
Kh8 22. f3 axb4 23. Qg2 Bg4 24. Rxb4 Ra3 25. Rxb7 Nd7 26. Rxd7 Rxc3 27. Rb7
27... h5 {} 28. h3 $2 28... Rxe4 29. fxg4 0-1

[Event "Open Principal"]
[Site "Montpellier"]
[Date "1999.??.??"]
[Round "1"]
[White "Lacrosse, Marc"]
[Black "Delorme, Laurie"]
[Result "1-0"]
[WhiteElo "2175"]
[BlackElo "1800"]
[PlyCount "47"]
[EventDate "1999.07.??"]

1. d4 d5 2. c4 e6 3. Nc3 Be7 4. Nf3 Nf6 5. Bg5 O-O 6. e3 h6 7. Bxf6 Bxf6 8. Rc1
dxc4 9. Bxc4 Nd7 10. O-O c5 11. Ne4 Be7 12. Qe2 cxd4 13. exd4 Nb6 14. Bb3 Bd7
15. Ne5 Rc8 16. Nc5 16... Bc6 {
} 17. Nxe6 Qd6 18. Nxf8 Rxf8 19. Nxc6 bxc6
20. Qe4 Rc8 21. Rc2 Bf6 22. Rd1 Rc7 23. Qe8+ Kh7 24. Bxf7 1-0

[Event "Open Principal"]
[Site "Montpellier"]
[Date "1999.??.??"]
[Round "1"]
[White "Mercier, Pierre"]
[Black "Esprit, Yohan"]
[Result "1-0"]
[WhiteElo "1720"]
[BlackElo "2060"]
[PlyCount "69"]
[EventDate "1999.07.??"]

1. d4 f5 2. c4 Nf6 3. g3 g6 4. Bg2 Bg7 5. Nc3 c6 6. Nf3 O-O 7. O-O d6 8. Qc2
Na6 9. b3 Qe8 10. Ba3 h6 11. Rad1 g5 12. e3 Qh5 13. h3 f4 14. g4 {} 14... Nxg4
15. hxg4 Bxg4 16. Qe4 Bxf3 17. Bxf3 g4 18. Qe6+ Kh8 19. Qxg4 Qa5 20. Bb2 Rg8
21. Kh1 Raf8 22. Qh3 Rf7 23. Na4 Nc7 24. Bc3 Qa6 25. Bh5 Rff8 26. Qd7 b5 27.
Qxc7 bxa4 28. Qxe7 d5 29. Bf7 dxc4 30. Bxg8 cxb3 31. Rg1 Rxg8 32. d5 Bxc3 33.
Rxg8+ Kxg8 34. Rg1+ Kh8 35. Qf8+ 1-0